Παράνομες ανθρώπινες δραστηριότητες στη ζώνη του αιγιαλού (περιπτώσεις των νομών Αττικής, Θεσσαλονίκης και Κυκλάδων)

Αποθηκεύτηκε σε:
Λεπτομέρειες βιβλιογραφικής εγγραφής
Κύριος συγγραφέας: Κουτσαβλή, Ανδρονίκη Ι.
Συγγραφή απο Οργανισμό/Αρχή: Πανεπιστήμιο Αιγαίου Σχολή Περιβάλλοντος Τμήμα Επιστημών της Θάλασσας Πρόγραμμα Μεταπτυχιακών Σπουδών Διαχείριση Παράκτιων Περιοχών
Άλλοι συγγραφείς: Κοντογιάννη-Σκούρτου, Αρετή (Εισηγητής διατριβής)
Μορφή: Thesis Βιβλίο
Γλώσσα:Greek
Δημοσίευση: 2010
Θέματα:
Διαθέσιμο Online:http://hdl.handle.net/11610/11620
Ετικέτες: Προσθήκη ετικέτας
Δεν υπάρχουν, Καταχωρήστε ετικέτα πρώτοι!

MARC

LEADER 00000cam a2200000 i 4500
001 1/16186
008 111103s2010 gre d
035 |l 10111265 
040 |a GR-MY-UA  |b gre  |e aacr 
041 0 |a gre 
082 0 |a 333.917  |2 (22) 
100 1 |a Κουτσαβλή, Ανδρονίκη Ι. 
245 1 0 |a Παράνομες ανθρώπινες δραστηριότητες στη ζώνη του αιγιαλού (περιπτώσεις των νομών Αττικής, Θεσσαλονίκης και Κυκλάδων) /  |c Ανδρονίκη Ιπ. Κουτσαβλή ; επιβλέπουσα: Αρετή Κοντογιάννη 
260 |c 2010 
300 |a 94 σ.;  |b σχ.;  |c 30 εκ. 
502 |a Διατριβή (μεταπτυχιακή) – Πανεπιστήμιο Αιγαίου, Λέσβος, 2010. 
504 |a Βιβλιογραφία: σ. 80-86 
650 0 |a Coastal zone management  |z Greece  |z Attike. 
650 0 |a Coastal zone management  |z Greece  |z Thessalonike (Nome) 
650 0 |a Coastal zone management  |z Greece  |z Cyclades. 
650 0 |a Environmental law  |z Greece  |z Cyclades. 
650 0 |a Environmental law  |z Greece  |z Thessalonike (Nome) 
650 0 |a Environmental law  |z Greece  |z Attike. 
650 0 0 |a Dissertations, Academic  |z Greece. 
700 1 |a Κοντογιάννη-Σκούρτου, Αρετή.  |4 ths 
710 2 |a Πανεπιστήμιο Αιγαίου  |b Σχολή Περιβάλλοντος  |b Τμήμα Επιστημών της Θάλασσας  |b Πρόγραμμα Μεταπτυχιακών Σπουδών Διαχείριση Παράκτιων Περιοχών. 
852 |a INST  |b LESVOS  |c DIATR  |e 20111103  |h 171  |p 005100051140  |q 005100051140  |t MTXE  |y 23 
852 |a INST  |b LESVOS  |c DIATR  |e 20111103  |h 172  |p 005100051141  |q 005100051141  |t MTXE  |y 23 
856 |u http://hdl.handle.net/11610/11620 
901 |a BIBL1-2011-3 
909 |a Λ  |b 173004 
909 |a Λ  |b 173005 
924 |a Κουτσαβλή  |b Ανδρονίκη  |y Λέσβος  |z 2010-05 
970 |a Τζαφέρη  |b Ευαγγελία  |z 2011/11/03